000 01636nam0a2200313 4500
001 RU\NLR\bibl\951715
005 20260407141009.0
010 _a5-288-03164-9
035 _a(NLR Aleph) 000939812
090 _a212671
_c212671
100 _a20060519d2002 |||y0rusy50 ca
101 1 _arus
_acat
_ccat
102 _aRU
105 _ay |||||||||
200 1 _a40 после 39
_d40 despres del 39
_eантология современной каталонской поэзии
_fКаталон. центр ПЕН-клуба
_gпер. с каталон. под общ. ред. Елены Зерновой
_g[сост. Елена Зернова
_gред. Виктор Андреев]
_zcat
210 _aСанкт-Петербург
_cИзд-во Санкт-Петербургского университета
_d2002
215 _a239 с.
_d16
300 _aТекст парал. на рус. и каталон. яз.
510 1 _a40 despres del 39
_zcat
686 _aШ6(4Ис=К)07-5я43{Лх1590-175сб}
702 1 _4220
_7ca
_8rus
_aЗернова
_bЕ. С.
_cфилолог
_gЕлена Сергеевна
_915684
_3RU\NLR\auth\7732676
702 1 _4340
_7ca
_8rus
_aАндреев
_bВ. Н.
_cпереводчик, поэт, прозаик
_f1948-
_gВиктор Николаевич
_91081
_3RU\NLR\AUTH\7717997
712 0 2 _4570
_aМеждународный ПЕН-клуб
_bКаталонский центр
_9669746
_3RU\NLR\AUTH\8810083854
801 0 _aRU
_bNLR
_c20060519
_grcr
801 1 _aRU
_bNLR
_c20060519
942 _cBOOK
980 _aNB